| 000 | 01289nam a2200349 a 4500 | ||
|---|---|---|---|
| 001 | 000115752 | ||
| 003 | CHAP | ||
| 005 | 20220329144547.0 | ||
| 008 | 190702s2018 mx a sm |||||||spa d | ||
| 010 | _a112213 | ||
| 011 | _a113185 | ||
| 040 | _cCHAP | ||
| 090 | _aTesis | ||
| 100 | 1 |
_aArroyo Salazar, Margarita. _9136375 |
|
| 245 | 1 | 0 |
_aIrradiación recurrente en la selección de soya precoz (R2 M5) para consumo humano / _h[En línea] _cpor Margarita Arroyo Salazar. |
| 260 |
_aChapingo, Méx. : _bEl autor, _c2018. |
||
| 500 | _aPara ver el contenido del material haga clic en la liga | ||
| 502 | _aTesis (Ing. Agrónomo ) -- Colegio Superior Agropecuario del Estado de Guerrero. Centro de Estudios Profesionales | ||
| 590 |
_aBATCH-UPD _b05 _c20190702 _lUCH01 _h1520 |
||
| 590 |
_aE8697GMM _b05 _c20190702 _lUCH01 _h1054 |
||
| 590 |
_aE8697GMM _b05 _c20190702 _lUCH01 _h1056 |
||
| 590 |
_aE8697GMM _b05 _c20190702 _lUCH01 _h1519 |
||
| 590 |
_aE8697GMM _b05 _c20190703 _lUCH01 _h1513 |
||
| 650 | 1 | 4 |
_aSoya _xGenética. _9109054 |
| 650 | 1 | 4 |
_aSoya _xMejoramiento. _9109069 |
| 650 | 1 | 4 |
_aSoya _xRendimiento. _9109084 |
| 650 | 1 | 4 |
_aSoya _xVariedades. _9109096 |
| 856 |
_aFinding aid _uhttp://10.13.5.2/tesis/sist115752.pdf _zTeclea aquí |
||
| 901 | _aBK | ||
| 942 | _cTESIS | ||
| 942 | _n0 | ||
| 999 |
_c112213 _d112213 |
||